Gorriones. Guía del profesor. Educación preescolar. 1º de párvulos

Gespeichert in:
Bibliographische Detailangaben
1. Verfasser: Equipo "La Salle"
Format: keine Angabe
Sprache:Spanisch
Erschienen: Madrid Bruño 1980
Katalog:MANES:  Suchergebnis im Bibliothekskatalog
Schulbuchspezifische Eigenschaften:
Tags: Tag hinzufügen
Keine Tags, Fügen Sie den ersten Tag hinzu!
Hinzugefügt zu:26.04.2016

MARC

LEADER 000000000a22000000004500
001 01373
003 OSt
008 160427s sp ||||| |||| 00| 0 spa d
040 |c centro_manes 
041 1 |a spa 
691 7 |a IN 
100 1 |a Equipo "La Salle"  |9 202 
245 0 0 |a Gorriones. Guía del profesor. Educación preescolar. 1º de párvulos 
260 3 |a Madrid  |b Bruño  |c 1980 
300 |a 191 p.  |c 21x14 cm 
500 |a Fecha de publicación tomada del Depósito Legal 
942 |2 ddc  |c BK 
546 |a España 
999 |c 7347  |d 7347 
999 |c manes:7347  |d 7347